000 00468nam a2200181Ia 4500
005 20250508152025.0
008 008 250505s9999 xx 000 0 eng d
037 _aTextual
040 _aFEDL
_beng
_cFEDL
041 _aeng
_2eng
084 _a370.954, IND
_qFEDL
245 0 _aReport of the Andaman education committee
260 _c1955
300 _a119p.
650 _aEducation
942 _cTEXL
_h370.954, IND
999 _c1333676
_d1333676